[Event "Liberec Desko op"]
[Site "Liberec"]
[Date "2023.07.22"]
[Round "9"]
[White "Kaderabek, Jiri"]
[Black "Wuensch, Ulrich"]
[Result "1-0"]
[WhiteElo "2013"]
[BlackElo "1998"]
[PlyCount "77"]
[EventDate "2023.07.15"]
[EventType "swiss"]
[EventRounds "9"]
[EventCountry "CZE"]
[SourceTitle "CBM 215 Extra"]
[Source "ChessBase"]
[SourceDate "2023.09.30"]
[SourceVersion "1"]
[SourceVersionDate "2023.09.30"]
[SourceQuality "1"]

1. e4 c5 2. Nf3 a6 3. b3 Nc6 4. Bb2 d6 5. d4 cxd4 6. Nxd4 e6 7. Bd3 Nf6 8. 0-0 Be7 9. Nxc6 bxc6 10. e5 dxe5 11. Bxe5 0-0 12. Qe2 Bb7 13. Rd1 Qb6 14. Nd2 c5 15. Qe3 Rfd8 16. Qg3 Rac8 17. Nc4 Qc6 18. f3 Qe8 19. a4 Qf8 20. Qe1 Nd5 21. Na5 c4 22. bxc4 Bb4 23. Qh4 Qc5+ 24. Kh1 Qxa5 25. Qxh7+ Kf8 26. Qxg7+ Ke8 27. cxd5 Rxd5 28. Be4 Rxe5 29. Bxb7 Rxc2 30. Be4 Bf8 31. Qf6 Be7 32. Qh8+ Bf8 33. Bxc2 Rh5 34. Qd4 Qc7 35. h3 Bc5 36. Qg4 Qe5 37. Qe4 Qg3 38. Qa8+ Ke7 39. Qd8# 1-0

[Event "Liberec Desko op"]
[Site "Liberec"]
[Date "2023.07.16"]
[Round "3"]
[White "Kaderabek, Jiri"]
[Black "Strebkovs, Andrejs"]
[Result "0-1"]
[WhiteElo "2013"]
[BlackElo "2271"]
[PlyCount "80"]
[EventDate "2023.07.15"]
[EventType "swiss"]
[EventRounds "9"]
[EventCountry "CZE"]
[SourceTitle "CBM 215 Extra"]
[Source "ChessBase"]
[SourceDate "2023.09.30"]
[SourceVersion "1"]
[SourceVersionDate "2023.09.30"]
[SourceQuality "1"]

1. e4 d5 2. exd5 Qxd5 3. Nc3 Qd6 4. d4 Nf6 5. Nf3 g6 6. g3 Bg7 7. Bg2 Qa6 8. Bf4 c6 9. Qd2 Be6 10. Bh6 Bxh6 11. Qxh6 Nbd7 12. Qe3 Nb6 13. Ne5 0-0 14. h4 Nbd5 15. Nxd5 Nxd5 16. Qe2 Qxe2+ 17. Kxe2 f6 18. Nd3 Rad8 19. Rhe1 Bf5 20. c3 e5 21. Kd2 exd4 22. cxd4 Nb6 23. Be4 Bxe4 24. Rxe4 f5 25. Rf4 Nd5 26. Rf3 Nc7 27. Re1 Rxd4 28. Kc2 Rfd8 29. Re2 Nd5 30. a3 Re4 31. Rd2 Rc4+ 32. Kb3 Rd4 33. Re2 Nf6 34. Nc5 R4d5 35. Rc3 Re8 36. Rxe8+ Nxe8 37. Re3 Nd6 38. Ne6 Ne4 39. f4 h6 40. Kc4 Kf7 0-1

[Event "CZE-chT2C 2223"]
[Site "Czech Republic"]
[Date "2023.02.05"]
[Round "8.2"]
[White "Kaderabek, Jiri"]
[Black "Sykora, Marek1111"]
[Result "0-1"]
[WhiteElo "2054"]
[BlackElo "2246"]
[PlyCount "60"]
[EventDate "2022.10.16"]
[EventType "team-tourn"]
[EventRounds "11"]
[EventCountry "CZE"]
[SourceTitle "EXT 2024"]
[Source "ChessBase"]
[SourceDate "2023.10.10"]
[SourceVersion "1"]
[SourceVersionDate "2023.10.10"]
[SourceQuality "1"]
[WhiteTeam "Bakov nad Jizerou"]
[BlackTeam "Turnov Zikuda II"]
[WhiteTeamCountry "CZE"]
[BlackTeamCountry "CZE"]

1. Nf3 d5 2. c4 c6 3. b3 Nf6 4. Bb2 Bf5 5. d3 e6 6. g3 Nbd7 7. Bg2 Bc5 8. Nbd2 0-0 9. 0-0 Bg6 10. Rc1 Re8 11. Qc2 e5 12. e4 d4 13. Nh4 Qe7 14. Nf5 Bxf5 15. exf5 Ba3 16. Rfe1 Bxb2 17. Qxb2 Nc5 18. Qb1 a5 19. a3 Qd7 20. Ne4 Nfxe4 21. Bxe4 g6 22. fxg6 hxg6 23. b4 axb4 24. axb4 Na4 25. Bg2 Nc3 26. Qb3 Qf5 27. Be4 Qg5 28. Kf1 Qd2 29. Rc2 Qxe1+ 30. Kxe1 Ra1+ 0-1

[Event "Liberec Desko op"]
[Site "Liberec"]
[Date "2021.07.19"]
[Round "4"]
[White "Krivanek, Vladimir"]
[Black "Kaderabek, Jiri"]
[Result "1/2-1/2"]
[WhiteElo "2180"]
[BlackElo "2108"]
[PlyCount "132"]
[EventDate "2021.07.17"]
[EventType "swiss"]
[EventRounds "9"]
[EventCountry "CZE"]
[SourceTitle "CBM 203 Extra"]
[Source "ChessBase"]
[SourceDate "2021.09.30"]
[SourceVersion "1"]
[SourceVersionDate "2021.09.30"]
[SourceQuality "1"]

1. b4 a5 2. b5 c6 3. e3 Nf6 4. Nf3 d6 5. d4 Bg4 6. Nbd2 Nbd7 7. Bb2 e5 8. h3 Bxf3 9. Qxf3 a4 10. a3 Qc7 11. Rc1 Be7 12. c4 0-0 13. Bd3 Rac8 14. 0-0 Qb8 15. Bc2 cxb5 16. cxb5 Qa7 17. Ne4 Qb6 18. Nxf6+ Nxf6 19. Bxa4 e4 20. Qe2 Qa5 21. Bb3 d5 22. Rb1 h6 23. Rfc1 Bd6 24. a4 Bb4 25. Rc2 Rxc2 26. Qxc2 Rd8 27. Rc1 Rd7 28. Qc8+ Kh7 29. g3 g6 30. Kg2 Qb6 31. Bd1 Kg7 32. Rc2 Qa5 33. Rc1 Qb6 34. Qc2 Qa5 35. Qb3 Bd6 36. Bc3 Qd8 37. a5 Rc7 38. Ra1 Qc8 39. Be1 Rc1 40. Rxc1 Qxc1 41. a6 Bb8 42. Bc3 Nd7 43. Bg4 Nb6 44. Qb2 Qxb2 45. Bxb2 Na4 46. Ba3 f5 47. Be2 Kf7 48. Bd1 Nb6 49. Bc5 Nc8 50. g4 b6 51. gxf5 bxc5 52. fxg6+ Kxg6 53. dxc5 Ba7 54. Bg4 Bxc5 55. Bxc8 Kf6 56. Bb7 Ke5 57. Kg3 d4 58. exd4+ Bxd4 59. Kg4 Bxf2 60. Kh5 Be3 61. b6 Bxb6 62. Kxh6 e3 63. Bf3 Kf4 64. Be2 Kg3 65. Bf1 e2 66. Bxe2 Kxh3 1/2-1/2

[Event "Prague Summer op 7th"]
[Site "Prague"]
[Date "2020.08.10"]
[Round "4"]
[White "Kaderabek, Jiri"]
[Black "Mirimanian, Hayk"]
[Result "0-1"]
[WhiteElo "2114"]
[BlackElo "2268"]
[PlyCount "98"]
[EventDate "2020.08.08"]
[EventType "swiss"]
[EventRounds "9"]
[EventCountry "CZE"]
[SourceTitle "CBM 197 Extra"]
[Source "ChessBase"]
[SourceDate "2020.09.30"]
[SourceVersion "1"]
[SourceVersionDate "2020.09.30"]
[SourceQuality "1"]

1. e4 c5 2. Nf3 e6 3. b3 Nc6 4. Bb2 a6 5. Be2 Nf6 6. d3 Qc7 7. Nbd2 Be7 8. Nc4 d5 9. e5 Nh5 10. Nd6+ Bxd6 11. exd6 Qxd6 12. d4 Nf4 13. dxc5 Qxc5 14. Qd2 Nxe2 15. Qxe2 0-0 16. 0-0 f6 17. a4 Rd8 18. Ba3 Qc3 19. Qd2 Qxd2 20. Nxd2 Nd4 21. Bc5 Ne2+ 22. Kh1 e5 23. Rfe1 Nf4 24. g3 Ne6 25. Bb6 Rd6 26. a5 Bd7 27. c4 dxc4 28. Nxc4 Bc6+ 29. Kg1 Rd3 30. Re3 Rxe3 31. fxe3 Ng5 32. h4 Ne4 33. Kh2 Kf7 34. Rd1 Ke6 35. g4 Rc8 36. Nd2 Nf2 37. Rg1 Bd5 38. Kg3 Nh1+ 39. Kh3 Rc2 40. e4 Bc6 41. Rg2 h5 42. gxh5 f5 43. Kh2 Rc1 44. Rxg7 Rd1 45. Rg2 f4 46. h6 Ng3 47. Kh3 Kf6 48. Bg1 Bd7+ 49. Kh2 Rxd2 0-1

[Event "Prague Summer op 7th"]
[Site "Prague"]
[Date "2020.08.09"]
[Round "3"]
[White "Froeyman, Helmut"]
[Black "Kaderabek, Jiri"]
[Result "1/2-1/2"]
[WhiteElo "2281"]
[BlackElo "2114"]
[PlyCount "136"]
[EventDate "2020.08.08"]
[EventType "swiss"]
[EventRounds "9"]
[EventCountry "CZE"]
[SourceTitle "CBM 197 Extra"]
[Source "ChessBase"]
[SourceDate "2020.09.30"]
[SourceVersion "1"]
[SourceVersionDate "2020.09.30"]
[SourceQuality "1"]

1. e4 d6 2. d4 Nf6 3. Nc3 g6 4. Nf3 Bg7 5. Be2 0-0 6. 0-0 c6 7. a4 a5 8. h3 Nbd7 9. Be3 Qc7 10. Re1 e5 11. dxe5 Nxe5 12. Nd2 Re8 13. f4 Ned7 14. Bf3 Nb6 15. Qe2 d5 16. Qf2 Nfd7 17. exd5 cxd5 18. Bd4 Rd8 19. Bxg7 Kxg7 20. Qd4+ Kg8 21. Nxd5 Nxd5 22. Bxd5 Qb6 23. Nf3 Qxd4+ 24. Nxd4 Nf6 25. c4 Nxd5 26. cxd5 Kf8 27. Nb5 Ra6 28. Rac1 Bd7 29. Rc7 Rb6 30. g3 h5 31. Re2 Be8 32. Nc3 Rb4 33. Kf2 h4 34. Kf3 hxg3 35. Kxg3 Bd7 36. h4 b6 37. Rb7 Rd4 38. Rxb6 Bxa4 39. Ra6 Bb3 40. Rxa5 Bxd5 41. Nxd5 R4xd5 42. Rxd5 Rxd5 43. Kf3 Rb5 44. Ke4 Ke7 45. Kd4+ Kd6 46. Kc4 Rc5+ 47. Kb4 Rh5 48. Rh2 Rf5 49. Rf2 Kd5 50. Ka4 Kd4 51. b4 Ke3 52. Rf1 Ke2 53. Rh1 Rxf4 54. Ka5 Re4 55. b5 f5 56. b6 f4 57. b7 Re8 58. Rg1 f3 59. Rxg6 f2 60. Rf6 f1Q 61. Rxf1 Kxf1 62. h5 Kg2 63. h6 Kf3 64. Kb6 Kg4 65. Ka7 Kg5 66. h7 Kg6 67. b8Q Rxb8 68. Kxb8 Kxh7 1/2-1/2

[Event "Liberec Desko op"]
[Site "Liberec"]
[Date "2020.07.25"]
[Round "9"]
[White "Vitak, Jiri"]
[Black "Kaderabek, Jiri"]
[Result "1/2-1/2"]
[WhiteElo "2222"]
[BlackElo "2121"]
[PlyCount "184"]
[EventDate "2020.07.18"]
[EventType "swiss"]
[EventRounds "9"]
[EventCountry "CZE"]
[SourceTitle "CBM 197 Extra"]
[Source "ChessBase"]
[SourceDate "2020.09.30"]
[SourceVersion "1"]
[SourceVersionDate "2020.09.30"]
[SourceQuality "1"]

1. d4 Nf6 2. c4 c5 3. Nf3 cxd4 4. Nxd4 e5 5. Nb5 d5 6. cxd5 Bc5 7. N5c3 Bf5 8. g3 0-0 9. Bg2 e4 10. 0-0 Nbd7 11. Bg5 h6 12. Bxf6 Nxf6 13. e3 a6 14. Nd2 Re8 15. a3 Rc8 16. Rc1 Ba7 17. Qb3 Qd7 18. Rfe1 Rc5 19. Rc2 Rec8 20. Rec1 Re8 21. Qa2 Nxd5 22. Nxd5 Rxd5 23. Rc7 Qd8 24. Nf1 Be6 25. Qb1 f5 26. b4 Re7 27. Qc2 Bb8 28. Rxe7 Qxe7 29. g4 g6 30. gxf5 gxf5 31. Rd1 Qd7 32. Rxd5 Qxd5 33. Ng3 Be5 34. Bh3 Bd6 35. Qa4 Kf7 36. Bf1 Qe5 37. Qd1 f4 38. exf4 Qxf4 39. Qh5+ Kg7 40. Qe2 Kf8 41. Qxe4 Qxe4 42. Nxe4 Be7 43. f4 Kf7 44. Kf2 a5 45. bxa5 Bxa3 46. a6 bxa6 47. Bxa6 Bd5 48. Nc3 Bc6 49. Bc4+ Kg7 50. Kg3 Bb4 51. Ne2 Be4 52. Kg4 Kf6 53. Ng3 Bg6 54. Bd5 Be1 55. Kf3 Bf5 56. Be4 Bc8 57. Nf1 Bd7 58. Ne3 Be6 59. Bd5 Bd7 60. Ke4 Bf2 61. Kf3 Bg1 62. h4 Bc8 63. Bc6 Be6 64. Bb7 Ke7 65. Ke4 Kf6 66. Kf3 Ke7 67. Bc6 Kf6 68. Nf1 Bb3 69. Nd2 Bc2 70. Be4 Bd1+ 71. Kg3 Bd4 72. Bd3 Kf7 73. Ne4 Bb6 74. Nd6+ Kf6 75. Nf5 h5 76. Nd6 Ba5 77. Ne4+ Kg7 78. Kg2 Bg4 79. Nf2 Bd7 80. Be2 Kh6 81. Nh1 Be1 82. Ng3 Be8 83. Nf5+ Kg6 84. Bd3 Kf6 85. Ng3 Bc6+ 86. Kh2 Bf3 87. Bb5 Bd2 88. Be2 Bxe2 89. Nxe2 Kf5 90. Kg3 Be1+ 91. Kh3 Ke4 92. Ng3+ Kxf4 1/2-1/2

[Event "Liberec Desko op"]
[Site "Liberec"]
[Date "2020.07.24"]
[Round "8"]
[White "Kaderabek, Jiri"]
[Black "Karlik, Vladimir"]
[Result "1/2-1/2"]
[WhiteElo "2121"]
[BlackElo "2137"]
[PlyCount "78"]
[EventDate "2020.07.18"]
[EventType "swiss"]
[EventRounds "9"]
[EventCountry "CZE"]
[SourceTitle "CBM 197 Extra"]
[Source "ChessBase"]
[SourceDate "2020.09.30"]
[SourceVersion "1"]
[SourceVersionDate "2020.09.30"]
[SourceQuality "1"]

1. e4 g6 2. d4 Bg7 3. Nc3 c6 4. Be3 d6 5. Qd2 Nd7 6. h4 h5 7. Nf3 b5 8. a3 a6 9. Be2 Qc7 10. Ng5 Bb7 11. f4 Nh6 12. e5 Nb6 13. e6 f5 14. b3 0-0 15. a4 b4 16. Na2 c5 17. Bf3 Nd5 18. Bg1 Ng4 19. Rd1 Ngf6 20. Bf2 Ne4 21. Nxe4 fxe4 22. Bxe4 Nxf4 23. d5 Nxe6 24. 0-0 Nd4 25. Qg5 Ne2+ 26. Kh1 Rf6 27. Bxg6 Raf8 28. Qxh5 Ng3+ 29. Bxg3 Rxf1+ 30. Kh2 R8f6 31. Rxf1 Rxf1 32. Qh7+ Kf8 33. h5 Bxd5 34. h6 Bd4 35. Bd3 Qd7 36. Bxf1 Qg4 37. Be2 Qg5 38. Bf3 Be5 39. Bxe5 Qh4+ 1/2-1/2

[Event "CZE-chT2C 1920"]
[Site "Czech Republic"]
[Date "2020.01.26"]
[Round "7.2"]
[White "Kucera, Petr"]
[Black "Kaderabek, Jiri"]
[Result "0-1"]
[WhiteElo "2205"]
[BlackElo "2127"]
[PlyCount "66"]
[EventDate "2019.10.13"]
[EventType "team-tourn"]
[EventRounds "11"]
[EventCountry "CZE"]
[SourceTitle "EXT 2024"]
[Source "ChessBase"]
[SourceDate "2023.10.10"]
[SourceVersion "1"]
[SourceVersionDate "2023.10.10"]
[SourceQuality "1"]
[WhiteTeam "Turnov Zikuda III"]
[BlackTeam "Bakov nad Jizerou"]
[WhiteTeamCountry "CZE"]
[BlackTeamCountry "CZE"]

1. e4 d6 2. d4 Nf6 3. Nc3 g6 4. g3 Bg7 5. Bg2 0-0 6. Nge2 Nbd7 7. 0-0 c5 8. h3 Rb8 9. Be3 b6 10. f4 Bb7 11. d5 b5 12. a3 a5 13. a4 b4 14. Nb5 Nb6 15. b3 Ne8 16. Rc1 Nc7 17. Nxc7 Qxc7 18. c4 bxc3 19. Nxc3 Ba6 20. Rf2 Qd7 21. Bf1 Bxf1 22. Qxf1 f5 23. e5 dxe5 24. Bxc5 exf4 25. gxf4 Rfc8 26. Bxb6 Bxc3 27. Be3 Qxd5 28. Rfc2 Rxb3 29. Kh2 Rc7 30. Rd1 Qe4 31. Rd8+ Kf7 32. Qd1 Bd4 33. Rxc7 Rb2+ 0-1

[Event "CZE-chT2C 1920"]
[Site "Czech Republic"]
[Date "2019.12.01"]
[Round "4.3"]
[White "Kaderabek, Jiri"]
[Black "Danes, Jaroslav"]
[Result "1-0"]
[WhiteElo "2127"]
[BlackElo "2216"]
[PlyCount "91"]
[EventDate "2019.10.13"]
[EventType "team-tourn"]
[EventRounds "11"]
[EventCountry "CZE"]
[SourceTitle "EXT 2024"]
[Source "ChessBase"]
[SourceDate "2023.10.10"]
[SourceVersion "1"]
[SourceVersionDate "2023.10.10"]
[SourceQuality "1"]
[WhiteTeam "Bakov nad Jizerou"]
[BlackTeam "Kutna Hora"]
[WhiteTeamCountry "CZE"]
[BlackTeamCountry "CZE"]

1. Nf3 g6 2. g3 Bg7 3. Bg2 Nf6 4. 0-0 d6 5. d4 0-0 6. c4 Nc6 7. Nc3 a6 8. b3 Rb8 9. a4 e5 10. dxe5 dxe5 11. Ba3 Qxd1 12. Raxd1 Re8 13. Nd5 Nxd5 14. cxd5 Nd8 15. d6 cxd6 16. Bxd6 Ra8 17. Bxe5 Nc6 18. Bxg7 Kxg7 19. Nd4 Nxd4 20. Rxd4 Rb8 21. Rc1 Be6 22. b4 Bb3 23. e3 Bxa4 24. Rc7 Rbc8 25. Rxc8 Rxc8 26. Bxb7 Rc1+ 27. Kg2 Bb5 28. h4 f5 29. g4 Rc7 30. Bf3 Kf6 31. g5+ Ke5 32. h5 gxh5 33. Bxh5 Rc1 34. Bf7 Bc6+ 35. f3 Rc2+ 36. Kg3 f4+ 37. Rxf4 Re2 38. Rc4 Bb5 39. Rc5+ Kd6 40. Rf5 Rb2 41. Rd5+ Ke7 42. Bg8 Rxb4 43. e4 a5 44. Bxh7 a4 45. Bg8 a3 46. Rf5 1-0

[Event "Liberec op 19th"]
[Site "Liberec"]
[Date "2019.02.27"]
[Round "6"]
[White "Kaderabek, Jiri"]
[Black "Vitak, Jiri"]
[Result "1/2-1/2"]
[WhiteElo "2093"]
[BlackElo "2157"]
[PlyCount "86"]
[EventDate "2019.02.23"]
[EventType "swiss"]
[EventRounds "9"]
[EventCountry "CZE"]
[SourceTitle "CBM 189 Extra"]
[Source "ChessBase"]
[SourceDate "2019.06.03"]
[SourceVersion "1"]
[SourceVersionDate "2019.06.03"]
[SourceQuality "1"]

1. e4 c5 2. Nf3 d6 3. d4 cxd4 4. Nxd4 Nf6 5. Nc3 a6 6. g3 Bd7 7. Bg2 Nc6 8. 0-0 e6 9. Be3 Qc7 10. Nce2 Be7 11. c4 h5 12. Rc1 h4 13. Nxc6 Bxc6 14. Nc3 hxg3 15. hxg3 Qd7 16. Qe2 e5 17. Nd5 Bxd5 18. exd5 Ng4 19. c5 Qf5 20. Rc4 Qh5 21. Rfc1 Nxe3 22. Qxe3 dxc5 23. d6 Qh2+ 24. Kf1 Bxd6 25. b4 cxb4 26. Qb6 Qh6 27. Rc8+ Rxc8 28. Rxc8+ Ke7 29. Qxb7+ Kf6 30. Rc6 Qd2 31. Bf3 Qd3+ 32. Kg2 e4 33. Be2 Qd4 34. Bc4 Rh2+ 35. Kxh2 Qxf2+ 36. Kh1 Qf3+ 37. Kg1 Qxg3+ 38. Kf1 Qf3+ 39. Ke1 Qc3+ 40. Kd1 Qa1+ 41. Kc2 Qc3+ 42. Kb1 Qe1+ 43. Kc2 Qc3+ 1/2-1/2

[Event "Liberec op 19th"]
[Site "Liberec"]
[Date "2019.02.24"]
[Round "2"]
[White "Kaderabek, Jiri"]
[Black "Elias, Jakub"]
[Result "1-0"]
[WhiteElo "2093"]
[BlackElo "1910"]
[PlyCount "57"]
[EventDate "2019.02.23"]
[EventType "swiss"]
[EventRounds "9"]
[EventCountry "CZE"]
[SourceTitle "CBM 189 Extra"]
[Source "ChessBase"]
[SourceDate "2019.06.03"]
[SourceVersion "1"]
[SourceVersionDate "2019.06.03"]
[SourceQuality "1"]

1. e4 c5 2. Nf3 d6 3. d4 cxd4 4. Qxd4 a6 5. h3 Nc6 6. Qe3 Nf6 7. Be2 e6 8. c4 Be7 9. 0-0 Qc7 10. Nc3 0-0 11. b3 Rd8 12. Bb2 d5 13. Rad1 dxc4 14. Bxc4 b5 15. Rxd8+ Bxd8 16. Bd3 Qb6 17. Qe2 Nh5 18. Qd2 Qc7 19. Rc1 Bb7 20. Ne2 Bf6 21. e5 Be7 22. Nfd4 Qd7 23. Nxc6 Bxc6 24. Qc2 Bb7 25. Rd1 Qc6 26. Qxc6 Bxc6 27. g4 Rd8 28. gxh5 Be4 29. Nd4 1-0

[Event "Prague op-A 18th"]
[Site "Prague"]
[Date "2019.01.12"]
[Round "2"]
[White "Kaderabek, Jiri"]
[Black "Cerveny, Petr"]
[Result "0-1"]
[WhiteElo "2130"]
[BlackElo "2318"]
[PlyCount "50"]
[EventDate "2019.01.11"]
[EventType "swiss"]
[EventRounds "9"]
[EventCountry "CZE"]
[SourceTitle "CBM 188 Extra"]
[Source "ChessBase"]
[SourceDate "2019.02.26"]
[SourceVersion "1"]
[SourceVersionDate "2019.02.26"]
[SourceQuality "1"]

1. e4 c5 2. Nf3 d6 3. d4 cxd4 4. Nxd4 Nf6 5. Nc3 a6 6. Be2 e5 7. Nb3 Be7 8. Bg5 Nbd7 9. 0-0 0-0 10. a4 b6 11. Nd5 Bb7 12. Bxf6 Nxf6 13. Nxf6+ Bxf6 14. Qd3 d5 15. a5 dxe4 16. Qe3 b5 17. Nc5 Qc7 18. Nxe4 Be7 19. Bf3 f5 20. Nd2 e4 21. Qb3+ Kh8 22. Be2 Bd6 23. h3 Rae8 24. c4 e3 25. fxe3 Bc5 0-1

[Event "CZE-chT2C 1819"]
[Site "Czech Republic"]
[Date "2018.10.14"]
[Round "1.2"]
[White "Orsag, Milan"]
[Black "Kaderabek, Jiri"]
[Result "1/2-1/2"]
[WhiteElo "2312"]
[BlackElo "2110"]
[PlyCount "119"]
[EventDate "2018.10.14"]
[EventType "team-tourn"]
[EventRounds "11"]
[EventCountry "CZE"]
[SourceTitle "EXT 2022"]
[Source "ChessBase"]
[SourceDate "2021.10.06"]
[SourceVersion "1"]
[SourceVersionDate "2021.10.06"]
[SourceQuality "1"]
[WhiteTeam "Neratovice II"]
[BlackTeam "Jicin"]
[WhiteTeamCountry "CZE"]
[BlackTeamCountry "CZE"]

1. d4 Nf6 2. Nf3 b6 3. c4 Bb7 4. g3 e6 5. Bg2 d5 6. cxd5 exd5 7. 0-0 Be7 8. Nc3 0-0 9. Bf4 Ne4 10. Rc1 Na6 11. h4 c5 12. Qc2 Nxc3 13. bxc3 cxd4 14. cxd4 Rc8 15. Qb3 Qd7 16. Ne5 Qe6 17. Kh2 Rxc1 18. Rxc1 Bd6 19. Bh3 Qe7 20. Nd3 h6 21. Bxd6 Qxd6 22. Qa4 Rd8 23. e3 g5 24. h5 Kg7 25. a3 Kg8 26. Ne5 Ra8 27. Qb3 Kg7 28. Qd3 Qf6 29. Qc2 Rd8 30. Kg1 Rd6 31. Bc8 Qe7 32. Bxb7 Qxb7 33. Qc8 Qxc8 34. Rxc8 f6 35. Ra8 fxe5 36. Rxa7+ Kf6 37. Rxa6 exd4 38. exd4 Kf5 39. a4 Re6 40. Kg2 g4 41. a5 bxa5 42. Rxa5 Ke4 43. Ra8 Kxd4 44. Ra4+ Kc3 45. Rxg4 Re5 46. Rg6 Rxh5 47. Rc6+ Kd3 48. Rc5 Rf5 49. f4 Ke4 50. Rc6 h5 51. Re6+ Kd4 52. Kf3 Kc5 53. Ra6 Kc4 54. Ke3 Rf7 55. Rc6+ Kb5 56. Rh6 Kc4 57. Rc6+ Kb5 58. Rc3 h4 59. Rd3 Kc5 60. gxh4 1/2-1/2

[Event "Klatovy op-A 24th"]
[Site "Klatovy"]
[Date "2018.07.07"]
[Round "8"]
[White "Kaderabek, Jiri"]
[Black "Kunc, Jan"]
[Result "1/2-1/2"]
[WhiteElo "2125"]
[BlackElo "1947"]
[PlyCount "33"]
[EventDate "2018.06.30"]
[EventType "swiss"]
[EventRounds "9"]
[EventCountry "CZE"]
[SourceTitle "EXT 2019"]
[Source "ChessBase"]
[SourceDate "2018.10.10"]
[SourceVersion "1"]
[SourceVersionDate "2018.10.10"]
[SourceQuality "1"]

1. e4 c5 2. Nf3 d6 3. d4 cxd4 4. Nxd4 Nf6 5. Nc3 g6 6. Bc4 Bg7 7. 0-0 0-0 8. Re1 Nc6 9. Nxc6 bxc6 10. e5 dxe5 11. Qf3 Qc7 12. Be3 Bf5 13. Bb3 Rfd8 14. Bc5 h5 15. Qe2 Nd5 16. Ne4 Nf4 17. Qa6 1/2-1/2

[Event "Klatovy op-A 24th"]
[Site "Klatovy"]
[Date "2018.07.04"]
[Round "5"]
[White "Kaderabek, Jiri"]
[Black "Slovak, Kilian"]
[Result "0-1"]
[WhiteElo "2125"]
[BlackElo "2285"]
[PlyCount "66"]
[EventDate "2018.06.30"]
[EventType "swiss"]
[EventRounds "9"]
[EventCountry "CZE"]
[SourceTitle "CBM 185 Extra"]
[Source "ChessBase"]
[SourceDate "2018.07.29"]
[SourceVersion "1"]
[SourceVersionDate "2018.07.29"]
[SourceQuality "1"]

1. e4 c5 2. Nf3 Nc6 3. Bb5 g6 4. 0-0 Bg7 5. d3 e5 6. Bxc6 bxc6 7. Re1 d6 8. a3 a5 9. Nbd2 Nh6 10. Nc4 f6 11. Bd2 a4 12. b4 axb3 13. cxb3 Nf7 14. b4 cxb4 15. axb4 Be6 16. Na5 Ra6 17. Bc3 0-0 18. d4 Qb6 19. Qd3 d5 20. Nxc6 Rxa1 21. Ne7+ Kh8 22. Rxa1 dxe4 23. Qa6 Qc7 24. d5 Bg4 25. Nc6 exf3 26. b5 fxg2 27. Bb4 Qd7 28. Bxf8 Bxf8 29. h4 Bf3 30. Nxe5 Nxe5 31. Qxf6+ Qg7 32. Qxg7+ Kxg7 33. b6 Bd6 0-1

[Event "Klatovy op-A 24th"]
[Site "Klatovy"]
[Date "2018.07.02"]
[Round "3"]
[White "Kaderabek, Jiri"]
[Black "Ondrejat, Miroslav"]
[Result "1-0"]
[WhiteElo "2125"]
[BlackElo "1948"]
[PlyCount "109"]
[EventDate "2018.06.30"]
[EventType "swiss"]
[EventRounds "9"]
[EventCountry "CZE"]
[SourceTitle "CBM 185 Extra"]
[Source "ChessBase"]
[SourceDate "2018.07.29"]
[SourceVersion "1"]
[SourceVersionDate "2018.07.29"]
[SourceQuality "1"]

1. e4 e6 2. d4 d5 3. exd5 exd5 4. c4 Nf6 5. Nc3 c6 6. Be2 Be7 7. Nf3 0-0 8. 0-0 Nbd7 9. cxd5 cxd5 10. Qb3 Nb6 11. Bf4 Ne4 12. a4 Nxc3 13. bxc3 Bd6 14. Bxd6 Qxd6 15. a5 Nd7 16. Rfe1 Nf6 17. Ne5 Rb8 18. c4 dxc4 19. Bxc4 Be6 20. Bxe6 fxe6 21. Nf3 Qd5 22. Qa3 b5 23. Re5 Qd7 24. Qb3 Nd5 25. Rae1 Rf6 26. Ng5 Rbf8 27. Nxe6 Rxe6 28. Rxe6 Qf7 29. f3 Nf4 30. d5 Nxe6 31. dxe6 Qe7 32. Qxb5 Rd8 33. g3 g6 34. Qe5 Re8 35. h4 Qb7 36. Re3 Qb1+ 37. Kg2 Qc2+ 38. Re2 Qf5 39. Qxf5 gxf5 40. Re5 Kg7 41. Rxf5 Rxe6 42. Rb5 Ra6 43. g4 h6 44. Kg3 Kg6 45. f4 Rc6 46. h5+ Kf6 47. g5+ hxg5 48. fxg5+ Ke6 49. h6 Kf7 50. Rb8 Kg6 51. Rg8+ Kh7 52. Rg7+ Kh8 53. Rxa7 Rc1 54. a6 Ra1 55. Kg4 1-0

[Event "CZE-chT2B 1718"]
[Site "Czech Republic"]
[Date "2018.02.25"]
[Round "9.4"]
[White "Kaderabek, Jiri"]
[Black "Kotrba, Tomas"]
[Result "1-0"]
[WhiteElo "2072"]
[BlackElo "2031"]
[PlyCount "63"]
[EventDate "2017.10.15"]
[EventType "team-tourn"]
[EventRounds "11"]
[EventCountry "CZE"]
[SourceTitle "EXT 2022"]
[Source "ChessBase"]
[SourceDate "2021.10.06"]
[SourceVersion "1"]
[SourceVersionDate "2021.10.06"]
[SourceQuality "1"]
[WhiteTeam "Bakov nad Jizerou"]
[BlackTeam "Zizkov"]
[WhiteTeamCountry "CZE"]
[BlackTeamCountry "CZE"]

1. d4 Nf6 2. Bg5 Ne4 3. Bf4 c5 4. dxc5 Qa5+ 5. Nd2 Nxd2 6. Qxd2 Qxc5 7. g3 e5 8. Be3 Qc7 9. Bg2 Be7 10. Nf3 d6 11. Rd1 h6 12. b3 Be6 13. c4 Nd7 14. 0-0 a6 15. Ne1 Nf6 16. Nd3 Ng4 17. Nb4 Nxe3 18. Qxe3 0-0 19. Nd5 Bxd5 20. Rxd5 Rac8 21. Rfd1 Qb8 22. Qb6 Rc6 23. Qa5 Qc7 24. Qa4 Rb8 25. Bf3 Bf8 26. R5d3 Rc5 27. Bd5 Qa5 28. Qd7 Rc7 29. Bxf7+ Kh8 30. Qf5 Qxa2 31. Bd5 Qxe2 32. R3d2 1-0

[Event "CZE-chT2B 1718"]
[Site "Czech Republic"]
[Date "2017.12.17"]
[Round "5.3"]
[White "Formanek, Martin"]
[Black "Kaderabek, Jiri"]
[Result "1/2-1/2"]
[WhiteElo "2280"]
[BlackElo "2072"]
[PlyCount "117"]
[EventDate "2017.10.15"]
[EventType "team-tourn"]
[EventRounds "11"]
[EventCountry "CZE"]
[SourceTitle "EXT 2022"]
[Source "ChessBase"]
[SourceDate "2021.10.06"]
[SourceVersion "1"]
[SourceVersionDate "2021.10.06"]
[SourceQuality "1"]
[WhiteTeam "Kobylisy"]
[BlackTeam "Bakov nad Jizerou"]
[WhiteTeamCountry "CZE"]
[BlackTeamCountry "CZE"]

1. Nf3 Nf6 2. g3 d5 3. Bg2 c6 4. 0-0 Bf5 5. c4 e6 6. Qb3 Qb6 7. d3 dxc4 8. Qxc4 h6 9. Nc3 Qb4 10. b3 Nbd7 11. a3 Qxc4 12. bxc4 e5 13. Nd2 Nc5 14. a4 a5 15. Rb1 0-0-0 16. Nb3 Nxd3 17. exd3 Bxd3 18. Be3 Bb4 19. Na2 Bxc4 20. Rfc1 Bd3 21. Nxb4 Bxb1 22. Nxc6 bxc6 23. Rxb1 Nd5 24. Bd2 Kd7 25. Nc5+ Ke7 26. Rb7+ Kf6 27. Bxa5 Ra8 28. Be1 Rhe8 29. a5 Re7 30. a6 Rxa6 31. Rxe7 Ra1 32. Rd7 Rxe1+ 33. Bf1 e4 34. Ra7 e3 35. fxe3 Nxe3 36. Kf2 Rxf1+ 37. Kxe3 Kg5 38. Ne4+ Kg6 39. Rc7 Rc1 40. Nf2 Rc2 41. h3 Kf6 42. Ne4+ Ke6 43. Kd3 Rc1 44. Nc3 Rf1 45. Ke2 Rh1 46. h4 g5 47. Rxc6+ Kf5 48. hxg5 hxg5 49. Kf3 Rf1+ 50. Kg2 Re1 51. Kf2 Ra1 52. Nd5 Ra2+ 53. Kf3 g4+ 54. Ke3 Rg2 55. Kd4 Rd2+ 56. Kc4 Ke5 57. Ne3 Ke4 58. Nxg4 Rc2+ 59. Kb5 1/2-1/2